00690nam a2200229 a 4500001001300000003000900013005001700022008004100039020000900080082001500089100002300104245005000127260005200177300000800229500003500237650001700272700002300289902000800312942000700320952011600327999001700443nice12345678IN_TiNIC20260116015315.0080215s2006 newa grp 000 0 eng  ac7000a323.4bPAT aPatnaik, Karunakar aRights to Informationb A Jussticiable Weapon aNew Delhi bInstitute of Social Sciences c2006 a73p aincludes index and biblioraphy aCivil-Rights1 aPatnaik, Karunakar bSRS cBK 001040708StackRoom-aHMIbHMId2008-02-22g70.00l0o323.4 PATp11002001r2008-02-22v70.00w2008-02-15yBK c19170d19170